Η άμπελος στις φιλολογικές και αρχαιολογικές μαρτυρίες από την αρχαϊκή έως την ελληνιστική περίοδο : ερμηνευτική προσέγγιση στο εμπόριο και στη θρησκειολογία ; διπλωματική εργασία [διδακτορική διατριβή]
Αποθηκεύτηκε σε:
| Κύριος συγγραφέας: | |
|---|---|
| Συγγραφή απο Οργανισμό/Αρχή: | |
| Μορφή: | Thesis Βιβλίο |
| Γλώσσα: | Greek |
| Δημοσίευση: |
2021.
|
| Θέματα: | |
| Ετικέτες: |
Προσθήκη ετικέτας
Δεν υπάρχουν, Καταχωρήστε ετικέτα πρώτοι!
|
MARC
| LEADER | 00000cam a2200000 a 4500 | ||
|---|---|---|---|
| 001 | 1/124149 | ||
| 008 | 220117s2021####gr | ||| |||| ||gre|| | ||
| 040 | |a GR-MyUa |b gre |c GR-MyUa |e AACR2 | ||
| 041 | 0 | |a gre | |
| 082 | 7 | |a 641.2209495 |2 (23) | |
| 100 | 1 | |a Μαντάλα, Μαρία. | |
| 245 | 1 | 2 | |a Η άμπελος στις φιλολογικές και αρχαιολογικές μαρτυρίες από την αρχαϊκή έως την ελληνιστική περίοδο : |b ερμηνευτική προσέγγιση στο εμπόριο και στη θρησκειολογία ; διπλωματική εργασία [διδακτορική διατριβή] / |c Μαντάλα Μαρία ; επιβλέπων καθηγητής: Συρόπουλος Σπυρίδων. |
| 260 | |c 2021. | ||
| 300 | |a 321 σ. : |b εικ. ; |c 30 εκ. | ||
| 500 | |a Μέλη εξεταστικής επιτροπής: Συρόπουλος Σπυρίδων, Στεφανάκης Εμμανουήλ, Παπάς Θεόδωρος, Κουσούλης Παναγιώτης, Μηνά Μαρία, Βασίλαρος Γεώργιος, Πανούσης Ιωάννης. | ||
| 502 | |a Διπλωματική εργασία - Πανεπιστήμιο Αιγαίου, Ρόδος 2021. | ||
| 504 | |a Βιβλιογραφία σ. 299-317. | ||
| 506 | 0 | |a Πλήρες κείμενο - Ελεύθερη Δημοσίευση. | |
| 650 | 0 | |a Wine and wine making |x History. | |
| 650 | 0 | |a Commerce |x History. | |
| 650 | 0 | |a Wine and wine making |z Greece. | |
| 650 | 0 | |a Hellenism. | |
| 650 | 0 | |a Viticulture. | |
| 700 | 1 | |a Συρόπουλος, Σπύρος Δ., |d 1970- |e dgs | |
| 710 | 2 | |a Πανεπιστήμιο Αιγαίου |b Σχολή Ανθρωπιστικών Επιστημών |b Τμήμα Μεσογειακών Σπουδών. | |
| 852 | |a INST |b RHODES |c DIATR |e 20220117 |h 641.2209495 ΜΑΝ |p 005400042477 |q 005400042477 |t PHD |y 23 | ||
| 924 | |a Μαντάλα |b Μαρία |y Ρόδος |z 2022-01 | ||
| 970 | |a Καραγιάννης |b Φίλιππος |z 17-01-2022 | ||